[Event "Grande Prairie Trumpeter op"]
[Site "Grande Prairie"]
[Date "2008.01.27"]
[Round "5"]
[White "Douglas, Trent"]
[Black "Pradzinski, Alex"]
[Result "0-1"]
[WhiteElo "1483"]
[BlackElo "1200"]
[PlyCount "70"]
[EventDate "2008.01.26"]
[EventType "swiss"]
[EventRounds "5"]
[EventCountry "CAN"]
[SourceTitle "EXT 2011"]
[Source "ChessBase"]
[SourceDate "2010.11.26"]
[SourceVersion "1"]
[SourceVersionDate "2010.11.26"]
[SourceQuality "1"]

1. d4 d5 2. Bf4 Nc6 3. e3 e6 4. Nc3 Bb4 5. Qd2 Nf6 6. a3 Ne4 7. Qd3 Bxc3+ 8. bxc3 0-0 9. c4 b6 10. cxd5 exd5 11. f3 Bf5 12. fxe4 Bxe4 13. Qc3 Na5 14. Nf3 Nc4 15. Bxc4 dxc4 16. Qxc4 Qd5 17. Qxd5 Bxd5 18. Kf2 h6 19. Bxc7 Rac8 20. Bd6 Rxc2+ 21. Kg3 Re8 22. Bf4 g5 23. Be5 Kh7 24. h4 Kg6 25. hxg5 hxg5 26. Rh2 f6 27. Bd6 Rxe3 28. Re1 Ree2 29. Rxe2 Rxe2 30. Rh3 Kf5 31. Kh2 g4 32. Ng1 Rxg2+ 33. Kh1 gxh3 34. Nxh3 Kg4 35. Ng1 Rf2+ 0-1

[Event "Grande Prairie Trumpeter op"]
[Site "Grande Prairie"]
[Date "2008.01.27"]
[Round "4"]
[White "MacKinnon, Keith"]
[Black "Douglas, Trent"]
[Result "1-0"]
[WhiteElo "2081"]
[BlackElo "1483"]
[PlyCount "101"]
[EventDate "2008.01.26"]
[EventType "swiss"]
[EventRounds "5"]
[EventCountry "CAN"]
[SourceTitle "EXT 2011"]
[Source "ChessBase"]
[SourceDate "2010.11.26"]
[SourceVersion "1"]
[SourceVersionDate "2010.11.26"]
[SourceQuality "1"]

1. e4 e5 2. Nf3 Nc6 3. Bb5 Nge7 4. 0-0 d6 5. d4 a6 6. Ba4 b5 7. Bb3 Nxd4 8. Nxd4 exd4 9. a4 Bb7 10. axb5 axb5 11. Rxa8 Qxa8 12. Qh5 Ng6 13. Qxb5+ Bc6 14. Qf5 d5 15. exd5 Bd7 16. Qe4+ Be7 17. Qxd4 0-0 18. Nc3 Bd6 19. Re1 Re8 20. Rxe8+ Qxe8 21. Qe4 Qxe4 22. Nxe4 Be5 23. c3 Nf4 24. Bxf4 Bxf4 25. Bc2 c6 26. Nc5 Be8 27. Ba4 Bd6 28. Nd3 f6 29. dxc6 Bg6 30. Nb4 Kf8 31. Nd5 Be8 32. c7 Bxc7 33. Bxe8 Be5 34. Bd7 Kf7 35. b4 g5 36. c4 Kg6 37. c5 f5 38. b5 f4 39. c6 h5 40. b6 g4 41. c7 g3 42. c8Q gxh2+ 43. Kxh2 f3+ 44. g3 h4 45. Bf5+ Kf7 46. Qe6+ Kf8 47. Qe7+ Kg8 48. Be6+ Kh8 49. Qf7 hxg3+ 50. Kh3 g2 51. Qg8# 1-0